000
00315nam a22001337a 4500
008
170323b xxu||||| |||| 00| 0 eng d
020
_a
0721612067
041
_a
eng
080
_2
2 ED
_a
616.9
100
_a
8
101
_a
SHM
245
_a
INFECTOUS DISEASES AND MEDICAL MICROBIOLOGY
_c
BRAUDE.I.A
942
_2
udc
_c
BK
999
_c
8510
_d
8510